|
|
|
|
| LEADER |
01654nam a2200421Ia 4500 |
| 001 |
EBC635544 |
| 003 |
MiAaPQ |
| 005 |
20200520144314.0 |
| 006 |
m o d | |
| 007 |
cr cn||||||||| |
| 008 |
100128s2010 mnu sb 001 0 eng d |
| 010 |
|
|
|z 2010001663
|
| 020 |
|
|
|z 0816651256 (hc : alk. paper)
|
| 020 |
|
|
|z 0816651264 (pb : alk. paper)
|
| 020 |
|
|
|z 9780816651252 (hc : alk. paper)
|
| 020 |
|
|
|z 9780816651269 (pb : alk. paper)
|
| 035 |
|
|
|a (MiAaPQ)EBC635544
|
| 035 |
|
|
|a (Au-PeEL)EBL635544
|
| 035 |
|
|
|a (CaPaEBR)ebr10440592
|
| 035 |
|
|
|a (CaONFJC)MIL525902
|
| 035 |
|
|
|a (OCoLC)698111711
|
| 040 |
|
|
|a MiAaPQ
|c MiAaPQ
|d MiAaPQ
|
| 050 |
|
4 |
|a HD9987.K62
|b L43 2010
|
| 100 |
1 |
|
|a Lee, Jin-kyung.
|
| 245 |
1 |
0 |
|a Service economies
|h [electronic resource] :
|b militarism, sex work, and migrant labor in South Korea /
|c Jin-kyung Lee.
|
| 260 |
|
|
|a Minneapolis :
|b University of Minnesota Press,
|c c2010.
|
| 300 |
|
|
|a viii, 305 p.
|
| 504 |
|
|
|a Includes bibliographical references and index.
|
| 533 |
|
|
|a Electronic reproduction. Ann Arbor, MI : ProQuest, 2015. Available via World Wide Web. Access may be limited to ProQuest affiliated libraries.
|
| 650 |
|
0 |
|a Militarism
|z Korea (South)
|
| 650 |
|
0 |
|a Service industries
|z Korea (South)
|
| 650 |
|
0 |
|a Sex-oriented businesses
|z Korea (South)
|
| 651 |
|
0 |
|a Korea (South)
|x Economic policy.
|
| 651 |
|
0 |
|a Korea (South)
|x Foreign relations
|z United States.
|
| 651 |
|
0 |
|a United States
|x Foreign relations
|z Korea (South)
|
| 655 |
|
4 |
|a Electronic books.
|
| 710 |
2 |
|
|a ProQuest (Firm)
|
| 856 |
4 |
0 |
|u https://ebookcentral.proquest.com/lib/matrademy/detail.action?docID=635544
|z Click to View
|